| 000 | 01359 a2200277 4500 | ||
|---|---|---|---|
| 005 | 20260323120918.0 | ||
| 008 | 260323b |||||||| |||| 00| 0 eng d | ||
| 020 | _a9788126320462 (hbk) | ||
| 037 | _cTB | ||
| 040 |
_aCRL _cCRL |
||
| 041 |
_2hin _ahin _htel |
||
| 084 |
_aO35,3M95,SA 152L0;Q0 _qCRL |
||
| 100 |
_aसत्यनारायण, विश्वनाथ _9860526 |
||
| 245 | _aसहस्त्रफण | ||
| 250 | _a7वां संस्करण | ||
| 260 |
_aदिल्ली, भारत: _bभारतीय ज्ञानपीठ, _c2010. |
||
| 300 | _a455पृ. | ||
| 365 |
_a400.00 _bINR |
||
| 490 | _aराष्ट्रभारती / लोकोदय ग्रंथमाला: ग्रंथांक 285। सम्पादक रवीन्द्र कालिया | ||
| 546 | _aTranslated from Telugu to Hindi | ||
| 650 |
_aतेलुगु कहानी _91137582 |
||
| 650 |
_aतेलुगु साहित्य _91137583 |
||
| 700 |
_aराव, पी. वी. नरसिंह _eअनुवादक _91137584 |
||
| 942 |
_cTB _2CC _e7वां संस्करण _hO35,3M95,SA 152L0;Q0 |
||
| 999 |
_c1466643 _d1466643 |
||